[Event "EU Union-ch U10 20th"]
[Site "Mureck"]
[Date "2023.08.06"]
[Round "6"]
[White "Schernthaner, Tim"]
[Black "Dhivakar, Viduyut"]
[Result "1-0"]
[WhiteElo "1284"]
[BlackElo "1380"]
[PlyCount "43"]
[EventDate "2023.08.02"]
[EventType "swiss"]
[EventRounds "9"]
[EventCountry "AUT"]
[SourceTitle "EXT 2024"]
[Source "ChessBase"]
[SourceDate "2023.10.10"]
[SourceVersion "1"]
[SourceVersionDate "2023.10.10"]
[SourceQuality "1"]

1. e4 e5 2. Nf3 Nc6 3. Bb5 f5 4. d3 a6 5. Bxc6 dxc6 6. 0-0 Nf6 7. Re1 Bc5 8. exf5 0-0 9. Rxe5 Bd6 10. Re1 Bxf5 11. Bg5 Bg4 12. h3 Bh5 13. Nbd2 Be7 14. Qe2 Re8 15. Qe5 Bxf3 16. Nxf3 Nd5 17. Qe6+ Kh8 18. Ne5 Bxg5 19. Nf7+ Kg8 20. Nh6+ Kh8 21. Qg8+ Rxg8 22. Nf7# 1-0

[Event "AUT-ch U10"]
[Site "St Veit"]
[Date "2022.06.04"]
[Round "1"]
[White "Schernthaner, Tim"]
[Black "Seikmann, Jim"]
[Result "0-1"]
[WhiteElo "909"]
[BlackElo "1277"]
[PlyCount "42"]
[EventDate "2022.06.04"]
[EventType "swiss"]
[EventRounds "7"]
[EventCountry "AUT"]
[SourceTitle "EXT 2023"]
[Source "ChessBase"]
[SourceDate "2022.10.05"]
[SourceVersion "1"]
[SourceVersionDate "2022.10.05"]
[SourceQuality "1"]

1. e4 e5 2. Nf3 Nf6 3. Nc3 Bc5 4. Bc4 d6 5. h3 Nc6 6. d3 h6 7. 0-0 0-0 8. Re1 Be6 9. Bxe6 fxe6 10. Na4 Bb6 11. Nxb6 axb6 12. c4 Re8 13. Be3 Ne7 14. Qb3 Qd7 15. c5 bxc5 16. Qxb7 Reb8 17. Nxe5 dxe5 18. Qxb8+ Rxb8 19. Bxc5 Nc6 20. Re3 Nd4 21. Rg3 Ne2+ 0-1

[Event "EU Union-ch U08 18th"]
[Site "Mureck"]
[Date "2021.08.10"]
[Round "7"]
[White "Schernthaner, Tim"]
[Black "Zahariev, Velislav"]
[Result "0-1"]
[WhiteElo "950"]
[BlackElo "1086"]
[PlyCount "44"]
[EventDate "2021.08.04"]
[EventType "swiss"]
[EventRounds "9"]
[EventCountry "AUT"]
[SourceTitle "EXT 2022"]
[Source "ChessBase"]
[SourceDate "2021.10.06"]
[SourceVersion "1"]
[SourceVersionDate "2021.10.06"]
[SourceQuality "1"]

1. e4 e5 2. Nf3 Nc6 3. Bc4 Bc5 4. c3 Nf6 5. d4 exd4 6. cxd4 Bb4+ 7. Bd2 Bxd2+ 8. Nbxd2 d5 9. exd5 Nxd5 10. Qb3 Nce7 11. 0-0 0-0 12. Rfe1 Nb6 13. Ne5 Nxc4 14. Qxc4 Be6 15. Qb4 Bd5 16. Rac1 Nc6 17. Qxb7 Nxe5 18. Qxc7 Nd3 19. Qxd8 Rfxd8 20. Nb3 Bxb3 21. axb3 Nxc1 22. Rxc1 Rxd4 0-1

[Event "AUT-ch U08 Online Blitz"]
[Site "Playchess.com INT"]
[Date "2020.12.11"]
[Round "3"]
[White "Schernthaner, Tim"]
[Black "Burger, Edgar"]
[Result "1-0"]
[WhiteElo "1606"]
[BlackElo "1418"]
[PlyCount "97"]
[EventDate "2020.12.11"]
[EventType "swiss (blitz)"]
[EventRounds "7"]
[EventCountry "AUT"]
[SourceTitle "EXT 2022"]
[Source "ChessBase"]
[SourceDate "2021.10.06"]
[SourceVersion "1"]
[SourceVersionDate "2021.10.06"]
[SourceQuality "1"]

1. e4 e5 2. Nf3 Nf6 3. Bc4 Nc6 4. c3 d6 5. d4 exd4 6. cxd4 Nxe4 7. Qe2 d5 8. Bd3 Bf5 9. 0-0 Bb4 10. a3 Bd6 11. Nbd2 0-0 12. Bxe4 dxe4 13. Nxe4 Bxe4 14. Qxe4 Re8 15. Qd3 Qf6 16. Be3 Nd8 17. Rfe1 b6 18. h3 c6 19. Bg5 Rxe1+ 20. Rxe1 Qg6 21. Re8+ Bf8 22. Qxg6 fxg6 23. Ne5 h6 24. Bxd8 b5 25. Nd7 a5 26. Rxf8+ Kh7 27. Be7 Rxf8 28. Nxf8+ Kg8 29. Nxg6 Kh7 30. Ne5 g6 31. Nxc6 a4 32. d5 Kg7 33. d6 Kf7 34. d7 Ke6 35. d8Q Kf5 36. Bb4 Ke6 37. Na5 Kf7 38. Qd6 Kg7 39. Qf8+ Kh7 40. Kh2 g5 41. Kg3 Kg6 42. Kg4 h5+ 43. Kf3 h4 44. Qd6+ Kh5 45. g4+ hxg3 46. Qxg3 Kh6 47. Qd6+ Kh5 48. Ke4 Kh4 49. Qh6# 1-0